[Event "Andorra op 22nd"]
[Site "Andorra"]
[Date "2004.07.06"]
[Round "4"]
[White "Paillard, Denis"]
[Black "Hauchard, Arnaud"]
[Result "0-1"]
[WhiteElo "2222"]
[BlackElo "2480"]
[PlyCount "70"]
[EventDate "2004.07.03"]
[EventType "swiss"]
[EventRounds "9"]
[EventCountry "AND"]
[SourceTitle "CBM 101 Extra"]
[Source "ChessBase"]
[SourceDate "2004.09.01"]
[SourceVersion "2"]
[SourceVersionDate "2004.09.01"]
[SourceQuality "1"]

1. Nf3 g6 2. c4 Bg7 3. Nc3 e5 4. d4 exd4 5. Nxd4 Nc6 6. Nc2 d6 7. Nd5 Be6 8. e4 Nf6 9. Bd3 Nd7 10. 0-0 0-0 11. Be2 Nc5 12. f3 a5 13. Rb1 f5 14. Nf4 Bd7 15. Nd3 fxe4 16. Nxc5 dxc5 17. Qd5+ Kh8 18. Bg5 Qe8 19. fxe4 Rxf1+ 20. Rxf1 b6 21. b3 Ne5 22. Qd2 Bc6 23. Qf4 Qe6 24. Ne3 Rf8 25. Qh4 Rxf1+ 26. Kxf1 Nf7 27. Nd5 Qe5 28. Be3 Bxd5 29. cxd5 Bf6 30. Qg4 Qxh2 31. g3 Qh1+ 32. Kf2 Kg7 33. Qd7 Qh2+ 34. Kf1 Qxg3 35. Bf2 Qf4 0-1

[Event "Muffang Memorial 45th"]
[Site "Angers"]
[Date "2000.10.01"]
[Round "6"]
[White "Paillard, Denis"]
[Black "Kazakov, Mikhail"]
[Result "1/2-1/2"]
[WhiteElo "2241"]
[BlackElo "2489"]
[PlyCount "66"]
[EventDate "2000.10.01"]
[EventType "swiss (rapid)"]
[EventRounds "7"]
[EventCountry "FRA"]
[SourceTitle "EXT 2001"]
[Source "ChessBase"]
[SourceDate "2000.11.22"]
[SourceVersion "1"]
[SourceVersionDate "2000.11.22"]
[SourceQuality "1"]

1. e4 d6 2. d4 Nf6 3. Nc3 g6 4. Be2 Bg7 5. g4 h6 6. h3 e5 7. d5 c6 8. Nf3 cxd5 9. exd5 h5 10. g5 Nh7 11. Be3 Nd7 12. Ne4 Qc7 13. Nfd2 0-0 14. Nc4 f5 15. gxf6 Ndxf6 16. Ncxd6 Nxe4 17. Nxe4 Bf5 18. f3 Bxe4 19. fxe4 Qe7 20. Qd3 Qh4+ 21. Kd2 Nf6 22. Bf3 Kh7 23. Raf1 Rac8 24. Kc1 Ne8 25. Qd2 Nd6 26. Qg2 Bh6 27. Bxh6 Kxh6 28. Rhg1 Rf6 29. Kb1 Rcf8 30. b3 Nb5 31. Kb2 Nd6 32. Qe2 Rf4 33. Bg2 Nxe4 1/2-1/2

[Event "Andorra op 18th"]
[Site "Andorra"]
[Date "2000.06.25"]
[Round "2"]
[White "Paillard, Denis"]
[Black "Narciso Dublan, Marc"]
[Result "0-1"]
[WhiteElo "2241"]
[BlackElo "2468"]
[PlyCount "60"]
[EventDate "2000.06.24"]
[EventType "swiss"]
[EventRounds "9"]
[EventCountry "AND"]
[SourceTitle "CBM 076 Extra"]
[Source "ChessBase"]
[SourceDate "2000.07.11"]
[SourceVersion "1"]
[SourceVersionDate "2000.07.11"]
[SourceQuality "1"]

1. e4 e5 2. Nf3 Nc6 3. d4 exd4 4. Nxd4 Nf6 5. Nxc6 bxc6 6. e5 Qe7 7. Qe2 Ng8 8. Nd2 g6 9. Nf3 Bg7 10. c3 f6 11. exf6 Nxf6 12. Qxe7+ Kxe7 13. Bd3 Re8 14. 0-0 Kf8 15. Nd4 a6 16. h3 c5 17. Nb3 d6 18. Na5 Rb8 19. Nb3 Be6 20. Nd2 a5 21. a4 Bd7 22. Nf3 Bc6 23. Nd2 d5 24. Rd1 c4 25. Bc2 Re2 26. Kf1 Rbe8 27. Bb1 Nd7 28. Nf3 Nb6 29. Nd4 Bxd4 30. cxd4 Bxa4 0-1

[Event "Andorra op 16th"]
[Site "Andorra"]
[Date "1998.??.??"]
[Round "2"]
[White "Paillard, Denis"]
[Black "De la Riva Aguado, Oscar"]
[Result "1-0"]
[WhiteElo "2275"]
[BlackElo "2495"]
[PlyCount "87"]
[EventDate "1998.06.??"]
[EventType "swiss"]
[EventRounds "9"]
[EventCountry "AND"]
[SourceTitle "EXT 2003"]
[Source "ChessBase"]
[SourceDate "2002.11.25"]
[SourceVersion "1"]
[SourceVersionDate "2002.11.25"]
[SourceQuality "1"]

1. d4 f5 2. Bg5 c6 3. e3 g6 4. h4 Bg7 5. Nd2 d6 6. c3 Nd7 7. e4 Ndf6 8. exf5 Bxf5 9. Ne2 Qd7 10. Ng3 0-0-0 11. Nxf5 gxf5 12. Qf3 h6 13. Bxf6 Nxf6 14. Bd3 e6 15. 0-0-0 Rhf8 16. Rhe1 Nd5 17. Nc4 Bf6 18. g3 Rde8 19. Re2 f4 20. Qg4 Rg8 21. Qh5 Bd8 22. Bg6 Ref8 23. Bf7 Nf6 24. Bxg8 Rxg8 25. Qf3 b5 26. Nd2 Nd5 27. Rde1 Rg6 28. Qh5 Rf6 29. Qg4 Nc7 30. Ne4 Rf5 31. Qg6 f3 32. Rd2 h5 33. Rd3 Kb7 34. Nd2 Rf6 35. Qxh5 Rf5 36. Qg4 b4 37. cxb4 Nd5 38. a3 Nf6 39. Qg6 a5 40. Rxf3 Rxf3 41. Nxf3 axb4 42. Qd3 bxa3 43. Qxa3 Nd5 44. Ng5 1-0